<?xml version="1.0" encoding="UTF-8"?>
<record
    xmlns:xsi="http://www.w3.org/2001/XMLSchema-instance"
    xsi:schemaLocation="http://www.loc.gov/MARC21/slim http://www.loc.gov/standards/marcxml/schema/MARC21slim.xsd"
    xmlns="http://www.loc.gov/MARC21/slim">

  <leader>01782nam a22002057a 4500</leader>
  <controlfield tag="003">OSt</controlfield>
  <controlfield tag="005">20260424161746.0</controlfield>
  <controlfield tag="008">260424b        |||||||| |||| 00| 0 eng d</controlfield>
  <datafield tag="020" ind1=" " ind2=" ">
    <subfield code="a">9780241678923</subfield>
  </datafield>
  <datafield tag="040" ind1=" " ind2=" ">
    <subfield code="c">AACR-II</subfield>
  </datafield>
  <datafield tag="082" ind1=" " ind2=" ">
    <subfield code="a">006.3 HAO</subfield>
  </datafield>
  <datafield tag="100" ind1=" " ind2=" ">
    <subfield code="a">Hao, Karen</subfield>
    <subfield code="9">18945</subfield>
  </datafield>
  <datafield tag="245" ind1=" " ind2=" ">
    <subfield code="a">Empire of AI: inside the reckless race for total domination</subfield>
  </datafield>
  <datafield tag="260" ind1=" " ind2=" ">
    <subfield code="a">London </subfield>
    <subfield code="b">Allen Lane; Penguin Random House </subfield>
    <subfield code="c">2025</subfield>
  </datafield>
  <datafield tag="300" ind1=" " ind2=" ">
    <subfield code="a">482 p.</subfield>
  </datafield>
  <datafield tag="520" ind1=" " ind2=" ">
    <subfield code="a">An eye-opening account of the tech arms race shaping out planet, from an award-winning journalist and AI insider to the world of Sam Altman and OpenAI
When longtime AI expert and journalist Karen Hao first began covering OpenAI in 2019, she thought they were the good guys. Founded as a nonprofit with safety enshrined as its core mission, it was meant, its leader Sam Altman told us, to act as a check against more purely market forces.
But the core truth of this massively disruptive sector is that it requires an unprecedented amount of proprietary resources: the &#x2018;compute&#x2019; power of scarce high-end chips, the sheer volume of data that needs to be amassed at scale, the humans on the ground &#x2018;cleaning it up&#x2019; for sweatshop wages throughout the Global South, and a truly alarming spike in the need for energy and water underlying everything. We have entered a new, ominous age of empire with OpenAI setting a breakneck pace, as a small group of the most valuable companies in human history try to chase it down.
In exhilarating prose and with unparalleled access to those closest to Sam Altman, Hao recounts the meteoric rise of OpenAI and shows us the sinister impact that this industry is having on society.</subfield>
  </datafield>
  <datafield tag="650" ind1=" " ind2=" ">
    <subfield code="a">Artificial Intelligence </subfield>
    <subfield code="9">18946</subfield>
  </datafield>
  <datafield tag="650" ind1=" " ind2=" ">
    <subfield code="a">Computer Science</subfield>
    <subfield code="9">18947</subfield>
  </datafield>
  <datafield tag="942" ind1=" " ind2=" ">
    <subfield code="2">ddc</subfield>
    <subfield code="c">B</subfield>
  </datafield>
  <datafield tag="952" ind1=" " ind2=" ">
    <subfield code="0">0</subfield>
    <subfield code="1">0</subfield>
    <subfield code="2">ddc</subfield>
    <subfield code="4">0</subfield>
    <subfield code="7">0</subfield>
    <subfield code="a">LBSNAA</subfield>
    <subfield code="b">LBSNAA</subfield>
    <subfield code="d">2026-04-24</subfield>
    <subfield code="g">1499.00</subfield>
    <subfield code="l">0</subfield>
    <subfield code="o">006.3 HAO</subfield>
    <subfield code="p">185961</subfield>
    <subfield code="r">2026-04-24</subfield>
    <subfield code="w">2026-04-24</subfield>
    <subfield code="y">B</subfield>
    <subfield code="A"></subfield>
  </datafield>
  <datafield tag="999" ind1=" " ind2=" ">
    <subfield code="c">360785</subfield>
    <subfield code="d">360785</subfield>
  </datafield>
</record>
